000
00294nam a2200121Ia 4500
008
190216s9999||||xx |||||||||||||| ||und||
100
_a
Saidharan A & Valsalakumar N
245
0
_a
Atext Book Of Botony
260
_b
Vidyarthimithram
_c
1989
300
_a
152p
650
_a
Botany
942
_c
BK
999
_c
1438
_d
1438